Statistiken für Errate die umsatzstärksten Filme der Welt

Klicken Sie hier um das Quiz zu spielen!

Allgemein

  • Dieses Quiz wurde 292 mal gespielt
  • Das Durchschnittsergebnis liegt bei 7 aus 15

Antwortstatistiken

Umsatz (in $)Film% Korrekt
2,92 MilliardenAvatar - Aufbruch nach Pandora
87%
2,31 MilliardenAvatar - The Way of Water
87%
2,27 MilliardenTitanic
82%
2,79 MilliardenAvengers - Endgame
72%
2,05 MilliardenAvengers - Infinity War
68%
1,52 MilliardenAvengers
61%
2,07 MilliardenStar Wars - Das Erwachen der Macht
59%
1,92 MilliardenSpider-Man - No Way Home
53%
1,67 MilliardenJurassic World
21%
1,66 MilliardenDer König der Löwen
20%
1,45 MilliardenDie Eiskönigin II
17%
1,35 MilliardenBlack Panther
14%
1,52 MilliardenFast & Furious 7
9%
1,49 MilliardenTop Gun Maverick
5%
1,41 MilliardenAvengers - Age of Ultron
1%

Verteilung der Resultate

Perzentil nach korrekt beantworteten Fragen

Anzahl Personen mit jedem Resultat

Ihre Resultats-Entwicklung

Sie haben dieses Quiz noch nicht gespielt